La Premsa a Granollers : 1882-1982 / per Joan Subirà 1882-1982 / per Joan Subirà
Descripción Física:
2 v. : il. ; 18 cm
Materias:
Premsa -- Granollers -- 1882/1982
MARC
| LEADER | 00000nam a2200000Ia 4500 | ||
|---|---|---|---|
| 001 | 1407, 1408 | ||
| 008 | 160829s1982 xx 000 0 cat d | ||
| 080 | |a O-1-77, O-1-78 | ||
| 100 | |a Subirà i Rocamora, Joan |9 25471 | ||
| 245 | |a La Premsa a Granollers : |b 1882-1982 / per Joan Subirà | ||
| 260 | |a Barcelona : |b Departament de Cultura de la Generalitat de Catalunya, |c 1982 | ||
| 300 | |a 2 v. : |b il. ; |c 18 cm | ||
| 590 | |a A la part superior de la portada: Direcció General del Patrimoni Escrit i Documental. Servei de Biblioteques i del Patrimoni Bibliogràfic | ||
| 650 | |a Premsa |x Granollers |x 1882/1982 |9 25472 | ||
| 700 | |a Catalunya. Servei de Biblioteques i del Patrimoni Bibliogràfic |9 20489 | ||
| 710 | 2 | |a Catalunya. |b Departament de Cultura |9 52819 | |
| 901 | |a Arxiu | ||
| 942 | |n 1 | ||
| 952 | |0 0 |1 0 |4 0 |6 O177_O178 |7 1 |9 43631 |a Arxiu |b Arxiu |d 2016-12-01 |l 0 |o O-1-77, O-1-78 |p 1407, 1408 |r 2016-12-01 00:00:00 |w 2016-12-01 |y ARXIU | ||
| 999 | |c 46179 |d 46179 | ||